| 000 | 00406nam a2200181Ia 4500 | ||
|---|---|---|---|
| 001 | 12458 | ||
| 005 | 20250626030542.0 | ||
| 008 | 211022s9999 xx 000 0 und d | ||
| 020 | _a1856693120 | ||
| 082 | _a721.0441 DER | ||
| 100 | _aDernie, David | ||
| 245 | 0 | _aNew stone architecture | |
| 260 | _aLondon | ||
| 260 | _bLaurence King Publications | ||
| 260 | _c2003 | ||
| 300 | _a240 | ||
| 942 | _cBK | ||
| 999 |
_c10525 _d10525 |
||